Statistics for Car Quiz

Click here to take the quiz!

General Stats

  • This quiz has been taken 13 times
  • The average score is 13 of 50

Answer Stats

Car ModelAutomaker% Correct
Range Rover LinleyLand Rover
82%
300 SE CabrioletMercedes-Benz
82%
Macan SPorsche
82%
348 tBFerrari
73%
R-Type ContinentalBentley
73%
Europa SELotus
73%
Z1BMW
64%
5000 GTMaserati
55%
NX 300hLexus
55%
104 ZS2Peugeot
45%
Ultimate AeroSSC
45%
Park WardRolls Royce
45%
EcosseAscari
36%
Rekord Series BOpel
36%
+4+Morgan
36%
Crown EightToyota
27%
SierraGMC
27%
BL (Beauty Leopard)Geely
27%
Ambassador AvigoHindustan
27%
Satria Neo R3Proto
27%
SilhouetteLamborghini
27%
ApplauseDaihatsu
27%
Sumo GrandeTata
18%
Chairman HSsangYong
18%
EsperoDaewoo
18%
RelaySaturn
18%
CV8Jensen
18%
Prince RoyalNissan
18%
ToranaHolden
9%
SLXAcura
9%
Type 18 GarrosBugatti
9%
Safrane Baccara BiturboRenault
9%
XT6Subaru
9%
DerbyVolkswagen
9%
PotentiaKia
9%
90 LumikkoSAAB
9%
ÖV 4Volvo
9%
Natasha CabrioletLada
9%
MTX V8Tatra
9%
1300 Coupe 7SHonda
9%
Matta (1900M)Alfa Romeo
9%
Appia CoupeLancia
9%
FlorianIsuzu
9%
G3-RBYD
0%
FidiaIso Rivolta
0%
420Jaguar
0%
VOSSkoda
0%
EL-Series LidoLincoln
0%
41047ZiL
0%
MF 30Wiesmann
0%

Score Distribution

Percentile by Number Answered

Percent of People with Each Score

Your Score History

You have not taken this quiz